000 01688nam0a2200337 4500
001 RU\NLR\b_ik\182719
005 20250616230814.0
035 _a(NLR Aleph) 002255253
090 _a3743973
_c3743973
100 _a20100310d2009 |||y0rusy50 ca
101 0 _aeng
_drus
102 _aRU
105 _aa |||||||||
200 1 _aProperties of a six-gap timing resistive plate chamber with strip readout
_fV.V. Ammosov, V.A. Gapienko, O.P. Gavrishchuk [et al.]
210 _aДубна
_cОбъед. ин-т ядер. исслед.
_d2009
215 _a9, [1] c.
_cил.
_d22
225 1 _aСообщения Объединенного института ядерных исследований, Дубна
_vE13-2009-86
300 _aНа 3-й с. обл.: Свойства 6-зазорной временной резистивной плоской камеры со стриповым считыванием информации / Аммосов В.В. и др.
300 _aРез. на рус. яз.
320 _aБиблиогр. в конце кн. (14 назв.)
517 0 _aСвойства 6-зазорной временной резистивной плоской камеры со стриповым считыванием информации
606 1 _aПлоскопараллельные камеры резистивные
_92397706
_3RU\NLR\AUTH\661429473
686 1 _aВ381.51
701 1 _aAmmosov
_bV. V.
_gVladimir Vasil'evič
_4070
701 1 _aGapienko
_bV. A.
_gVladimir Alekseevič
_4070
701 1 _aGavriščuk
_bO. P.
_4070
801 0 _aRU
_bNLR
_c20100310
_gRCR
942 _cBOOK
980 _aNB